[Event "Budapest FS08 IM"]
[Site "Budapest"]
[Date "2021.08.10"]
[Round "4"]
[White "Parkanyi, Attila"]
[Black "Terbe, Julianna"]
[Result "1/2-1/2"]
[WhiteElo "2243"]
[BlackElo "2291"]
[PlyCount "66"]
[EventDate "2021.08.07"]
[EventType "swiss"]
[EventRounds "10"]
[EventCountry "HUN"]
[SourceTitle "EXT 2022"]
[Source "ChessBase"]
[SourceDate "2021.10.06"]
[SourceVersion "1"]
[SourceVersionDate "2021.10.06"]
[SourceQuality "1"]

1. e4 e5 2. Nf3 Nc6 3. Bb5 a6 4. Ba4 Nf6 5. 0-0 Be7 6. Re1 b5 7. Bb3 d6 8. c3 0-0 9. d4 Bg4 10. Be3 Bh5 11. Nbd2 exd4 12. cxd4 Na5 13. Bc2 c5 14. Qb1 Bg6 15. h3 cxd4 16. Nxd4 Rc8 17. a4 d5 18. axb5 axb5 19. e5 Bxc2 20. Nxc2 Nd7 21. Bf4 Nc6 22. Nf3 f6 23. e6 Nc5 24. Ncd4 Nb4 25. Re3 Qb6 26. Nf5 Rfe8 27. N3d4 Ne4 28. Qd1 Bc5 29. Raa3 g6 30. Nh6+ Kf8 31. Nhf5 Kg8 32. Nh6+ Kf8 33. Nhf5 Kg8 1/2-1/2

[Event "Budapest FS08 IM"]
[Site "Budapest"]
[Date "2021.08.07"]
[Round "1"]
[White "Royal, Shreyas"]
[Black "Parkanyi, Attila"]
[Result "0-1"]
[WhiteElo "2296"]
[BlackElo "2243"]
[PlyCount "112"]
[EventDate "2021.08.07"]
[EventType "swiss"]
[EventRounds "10"]
[EventCountry "HUN"]
[SourceTitle "EXT 2022"]
[Source "ChessBase"]
[SourceDate "2021.10.06"]
[SourceVersion "1"]
[SourceVersionDate "2021.10.06"]
[SourceQuality "1"]

1. d4 Nf6 2. c4 c5 3. d5 e6 4. Nc3 exd5 5. cxd5 d6 6. Nf3 g6 7. Bf4 a6 8. a4 Bg7 9. h3 0-0 10. e3 Qe7 11. Be2 Nbd7 12. 0-0 h6 13. Nd2 Ne8 14. Re1 Ne5 15. Bh2 g5 16. Nf1 Bd7 17. Ng3 Nf6 18. Qc2 Ng6 19. Bd3 Nh4 20. Bf5 b5 21. Bxd7 Qxd7 22. Nge4 g4 23. Nxf6+ Bxf6 24. hxg4 Bxc3 25. Qxc3 Qxg4 26. Bg3 Nf5 27. Bf4 Qg6 28. e4 Nd4 29. Re3 Qf6 30. Bh2 Rfe8 31. Rae1 b4 32. Qc1 Kh7 33. e5 Qg6 34. Bf4 dxe5 35. Rg3 Qf6 36. Bxh6 Qxh6 37. Qd1 Rg8 38. Qd3+ e4 39. Qxe4+ f5 40. Qe7+ Rg7 41. Qxc5 Rxg3 42. fxg3 Qf6 43. Re7+ Kg8 44. d6 Ne6 45. Qe3 Nf8 46. Qb3+ Kh8 47. Qd5 Rc8 48. Rc7 Rxc7 49. dxc7 Qb6+ 50. Kf1 Qxc7 51. Qd4+ Kg8 52. Qxb4 Ne6 53. Qb3 Kf7 54. Ke2 Qe5+ 55. Kd2 Kf6 56. Kc1 Qe1+ 0-1

[Event "Budapest FS03 IM"]
[Site "Budapest"]
[Date "2021.03.08"]
[Round "3"]
[White "Parkanyi, Attila"]
[Black "Gaal, Zsoka"]
[Result "1/2-1/2"]
[WhiteElo "2252"]
[BlackElo "2127"]
[PlyCount "83"]
[EventDate "2021.03.06"]
[EventType "tourn"]
[EventRounds "9"]
[EventCountry "HUN"]
[EventCategory "1"]
[SourceTitle "EXT 2022"]
[Source "ChessBase"]
[SourceDate "2021.10.06"]
[SourceVersion "1"]
[SourceVersionDate "2021.10.06"]
[SourceQuality "1"]

1. e4 c6 2. d4 d5 3. e5 Bf5 4. Nf3 e6 5. Be2 Ne7 6. 0-0 c5 7. c3 Nec6 8. Be3 Nd7 9. h3 Be7 10. Ne1 Qb6 11. b3 cxd4 12. cxd4 f6 13. f4 fxe5 14. fxe5 0-0 15. Nc3 Qa5 16. Na4 b5 17. Rc1 Rac8 18. Nc5 Nxc5 19. dxc5 Nxe5 20. Nf3 Nxf3+ 21. Bxf3 Kh8 22. Qe2 Rfd8 23. Bd4 Qb4 24. Qe3 e5 25. Qxe5 Bf6 26. Qxf5 Qxd4+ 27. Kh1 Rxc5 28. Rxc5 Qxc5 29. Be4 Kg8 30. Qxh7+ Kf8 31. Bd3 Ke7 32. Re1+ Kd6 33. Qf5 Kc7 34. Qf4+ Qd6 35. Rc1+ Kb8 36. Qxd6+ Rxd6 37. Bxb5 d4 38. Rd1 Re6 39. Kg1 Kb7 40. Kf1 Kb6 41. Bc4 Re3 42. Rd3 1/2-1/2

[Event "HUN-chT 1819"]
[Site "Hungary"]
[Date "2019.04.27"]
[Round "8.4"]
[White "Parkanyi, Attila"]
[Black "Kantor, Gergely"]
[Result "0-1"]
[WhiteElo "2275"]
[BlackElo "2501"]
[PlyCount "58"]
[EventDate "2018.11.17"]
[EventType "team-tourn"]
[EventRounds "9"]
[EventCountry "HUN"]
[SourceTitle "CBM 190 Extra"]
[Source "ChessBase"]
[SourceDate "2019.07.15"]
[SourceVersion "1"]
[SourceVersionDate "2019.07.15"]
[SourceQuality "1"]
[WhiteTeam "Csuti Hydro"]
[BlackTeam "Aquaprofit"]
[WhiteTeamCountry "HUN"]
[BlackTeamCountry "HUN"]

1. e4 e5 2. Nf3 Nc6 3. Bb5 a6 4. Ba4 Nf6 5. 0-0 Be7 6. Re1 b5 7. Bb3 d6 8. c3 0-0 9. d4 Bg4 10. Be3 Bh5 11. Nbd2 exd4 12. cxd4 Na5 13. Bc2 c5 14. Qb1 Kh8 15. h3 Nc6 16. dxc5 dxc5 17. e5 Nd5 18. Bxh7 g6 19. g4 Bxg4 20. hxg4 Kxh7 21. Kg2 Kg7 22. Qe4 Qd7 23. Rh1 Nxe3+ 24. fxe3 Rh8 25. Qf4 Nb4 26. Ne4 Nd5 27. Qg3 Nxe3+ 28. Kf2 Nxg4+ 29. Ke2 Qf5 0-1

[Event "HUN-chT2 Charousek 1718"]
[Site "Hungary"]
[Date "2017.12.17"]
[Round "4.7"]
[White "Amrein, Roland"]
[Black "Parkanyi, Attila"]
[Result "1/2-1/2"]
[WhiteElo "2202"]
[BlackElo "2278"]
[PlyCount "93"]
[EventDate "2017.10.29"]
[EventType "team-tourn"]
[EventRounds "9"]
[EventCountry "HUN"]
[SourceTitle "EXT 2020"]
[Source "ChessBase"]
[SourceDate "2019.10.17"]
[SourceVersion "1"]
[SourceVersionDate "2019.10.17"]
[SourceQuality "1"]
[WhiteTeam "Komlo Banyasz"]
[BlackTeam "Csuti Hydro"]
[WhiteTeamCountry "HUN"]
[BlackTeamCountry "HUN"]

1. e4 c5 2. Nf3 Nc6 3. c3 e5 4. Bb5 d6 5. d4 cxd4 6. cxd4 exd4 7. Nxd4 Bd7 8. Nc3 Nf6 9. 0-0 Be7 10. Bf4 0-0 11. Re1 a6 12. Bxc6 bxc6 13. e5 dxe5 14. Bxe5 c5 15. Nc2 Be6 16. Ne3 Ra7 17. Qf3 Qa8 18. Qxa8 Rfxa8 19. Red1 Rb7 20. b3 Nd7 21. Bd6 Bg5 22. Ned5 Bxd5 23. Nxd5 a5 24. Rd3 a4 25. Re1 axb3 26. axb3 h6 27. g3 Kh7 28. h4 Bd8 29. Re8 Ra1+ 30. Kg2 Bf6 31. Nxf6+ Nxf6 32. Re7 Rxe7 33. Bxe7 Ne4 34. Kf3 Re1 35. Bf8 g5 36. hxg5 Nxg5+ 37. Kg2 Ne6 38. Bd6 Kg6 39. f4 Kf5 40. Kf2 Rc1 41. Rd5+ Kg4 42. f5 Ng5 43. Ke3 Rc3+ 44. Rd3 Rc2 45. Rd5 Rc3+ 46. Rd3 Rc2 47. Rd5 1/2-1/2

[Event "HUN-chT2 Charousek 1516"]
[Site "Hungary"]
[Date "2015.12.06"]
[Round "4.2"]
[White "Parkanyi, Attila"]
[Black "Papp, Gellert"]
[Result "1/2-1/2"]
[WhiteElo "2273"]
[BlackElo "2334"]
[PlyCount "88"]
[EventDate "2015.10.18"]
[EventType "team-tourn"]
[EventRounds "9"]
[EventCountry "HUN"]
[SourceTitle "CBM 170 Extra"]
[Source "ChessBase"]
[SourceDate "2016.02.25"]
[SourceVersion "1"]
[SourceVersionDate "2016.02.25"]
[SourceQuality "1"]
[WhiteTeam "Tapolca Rockwool"]
[BlackTeam "Hobagoly"]
[WhiteTeamCountry "HUN"]
[BlackTeamCountry "HUN"]

1. e4 e6 2. d4 d5 3. e5 c5 4. c3 Nc6 5. Nf3 Bd7 6. Be2 Nge7 7. Na3 Ng6 8. Nc2 Be7 9. g3 0-0 10. h4 cxd4 11. cxd4 f6 12. h5 Nh8 13. Bf4 Nf7 14. exf6 gxf6 15. Be3 Bc8 16. Nh4 Ng5 17. Bd3 f5 18. Qd2 Ne4 19. Bxe4 fxe4 20. 0-0-0 Qa5 21. Qxa5 Nxa5 22. Ng2 Nc4 23. Bf4 Bd7 24. Nge3 Rac8 25. b3 Na3 26. Kb2 Nb5 27. Rd2 Nc3 28. Ng4 Bb5 29. Ne5 Ne2 30. Be3 a5 31. Re1 Nc3 32. Bh6 Rfd8 33. Re3 a4 34. a3 axb3 35. Rxc3 Rxc3 36. Kxc3 bxc2 37. Kxc2 Bxa3 38. Kb1 Rc8 39. Ra2 Bd6 40. Rb2 Ba6 41. Rb6 Bxe5 42. dxe5 Kf7 43. Rd6 Bb5 44. Be3 Be8 1/2-1/2

[Event "HUN-chT2 Charousek 1415"]
[Site "Hungary"]
[Date "2015.03.01"]
[Round "7"]
[White "Jakab, Attila"]
[Black "Parkanyi, Attila"]
[Result "1/2-1/2"]
[WhiteElo "2382"]
[BlackElo "2275"]
[PlyCount "71"]
[EventDate "2014.10.12"]
[EventType "team-tourn"]
[EventRounds "9"]
[EventCountry "HUN"]
[SourceTitle "EXT 2016"]
[Source "ChessBase"]
[SourceDate "2015.10.08"]
[SourceVersion "1"]
[SourceVersionDate "2015.10.08"]
[SourceQuality "1"]
[WhiteTeam "Balatonfuered"]
[BlackTeam "Tapolca"]
[WhiteTeamCountry "HUN"]
[BlackTeamCountry "HUN"]

1. d4 Nf6 2. c4 c5 3. d5 e6 4. Nc3 exd5 5. cxd5 d6 6. e4 g6 7. Nge2 Bg7 8. Ng3 0-0 9. Be2 a6 10. a4 Re8 11. 0-0 Nbd7 12. Bf4 h5 13. Bg5 Qb6 14. Qd2 Nf8 15. a5 Qc7 16. f4 N8h7 17. Bh4 Bg4 18. Bxg4 Nxg4 19. e5 dxe5 20. d6 Qc6 21. d7 Red8 22. Bxd8 Rxd8 23. f5 Rxd7 24. Qe2 Bh6 25. fxg6 fxg6 26. Nge4 Rd4 27. Rf3 Ng5 28. Nxg5 Bxg5 29. Raf1 Be7 30. h3 e4 31. hxg4 exf3 32. Qxe7 Rxg4 33. Qd8+ Kg7 34. Qe7+ Kg8 35. Qd8+ Kg7 36. Qe7+ 1/2-1/2

[Event "HUN-chT2 Szechenyi 1213"]
[Site "Hungary"]
[Date "2013.04.07"]
[Round "10.1"]
[White "Parkanyi, Attila"]
[Black "Nagy, Bence"]
[Result "1-0"]
[WhiteElo "2273"]
[BlackElo "2361"]
[PlyCount "67"]
[EventDate "2012.09.16"]
[EventType "team-tourn"]
[EventRounds "11"]
[EventCountry "HUN"]
[SourceTitle "EXT 2014"]
[Source "ChessBase"]
[SourceDate "2013.11.20"]
[SourceVersion "1"]
[SourceVersionDate "2013.11.20"]
[SourceQuality "1"]
[WhiteTeam "Zala Volan"]
[BlackTeam "Lovo"]
[WhiteTeamCountry "HUN"]
[BlackTeamCountry "HUN"]

1. e4 e5 2. Nf3 Nc6 3. Bb5 a6 4. Ba4 Nf6 5. 0-0 Be7 6. Re1 b5 7. Bb3 0-0 8. d4 d6 9. c3 Bg4 10. Be3 Bh5 11. d5 Na5 12. Bc2 Nc4 13. Bc1 c6 14. dxc6 Qc7 15. b3 Nb6 16. Nbd2 Rad8 17. Bb2 g5 18. h3 g4 19. hxg4 Nxg4 20. Nf1 d5 21. exd5 Nxd5 22. c4 Nf4 23. Qb1 f6 24. Bxh7+ Kg7 25. Ng3 Bf7 26. Bf5 Nxf2 27. Kxf2 Bc5+ 28. Kf1 bxc4 29. Rxe5 Ba7 30. Re4 Nd5 31. Rg4+ Kh8 32. Qc1 Be3 33. Qxc4 Bf4 34. Qxf4 1-0

[Event "HUN-chT2 Szechenyi 1213"]
[Site "Hungary"]
[Date "2012.12.02"]
[Round "5.1"]
[White "Kislik, Erik Andrew"]
[Black "Parkanyi, Attila"]
[Result "1-0"]
[WhiteElo "2413"]
[BlackElo "2273"]
[PlyCount "59"]
[EventDate "2012.09.16"]
[EventType "team-tourn"]
[EventRounds "11"]
[EventCountry "HUN"]
[SourceTitle "EXT 2014"]
[Source "ChessBase"]
[SourceDate "2013.11.20"]
[SourceVersion "1"]
[SourceVersionDate "2013.11.20"]
[SourceQuality "1"]
[WhiteTeam "Ajka Banyasz"]
[BlackTeam "Zala Volan"]
[WhiteTeamCountry "HUN"]
[BlackTeamCountry "HUN"]

1. e4 g6 2. d4 Bg7 3. Nc3 d6 4. f4 Nf6 5. Nf3 0-0 6. Bd3 Bg4 7. h3 Bxf3 8. Qxf3 Nc6 9. Be3 e5 10. dxe5 dxe5 11. f5 Nd4 12. Qf2 c5 13. g4 h6 14. 0-0-0 Qa5 15. Kb1 b5 16. Nd5 c4 17. Nxf6+ Bxf6 18. c3 cxd3 19. cxd4 Qb4 20. Bxh6 Rfc8 21. Rxd3 g5 22. h4 Qc4 23. Rd2 exd4 24. hxg5 Qc6 25. Qe1 Bh8 26. f6 Re8 27. Bf8 Rxf8 28. Rxh8+ Kxh8 29. Rh2+ Kg8 30. Qh1 1-0

[Event "HUN-chT2 Szechenyi 1112"]
[Site "Hungary"]
[Date "2012.05.06"]
[Round "10.1"]
[White "Parkanyi, Attila"]
[Black "Marton, Jozsef"]
[Result "1/2-1/2"]
[WhiteElo "2272"]
[BlackElo "2204"]
[PlyCount "94"]
[EventDate "2011.09.25"]
[EventType "team-tourn"]
[EventRounds "11"]
[EventCountry "HUN"]
[SourceTitle "EXT 2013"]
[Source "ChessBase"]
[SourceDate "2012.11.22"]
[SourceVersion "1"]
[SourceVersionDate "2012.11.22"]
[SourceQuality "1"]
[WhiteTeam "Zala Volan"]
[BlackTeam "Ajka Banyasz"]
[WhiteTeamCountry "HUN"]
[BlackTeamCountry "HUN"]

1. e4 c5 2. Nf3 e6 3. c3 d5 4. e5 Qb6 5. d4 Bd7 6. Be2 Bb5 7. dxc5 Bxc5 8. Bxb5+ Qxb5 9. b4 Bb6 10. a4 Qc4 11. a5 Qe4+ 12. Qe2 Bc7 13. Be3 Nd7 14. Nbd2 Qc2 15. 0-0 a6 16. Nd4 Qg6 17. f4 Ne7 18. Kh1 0-0 19. g4 f5 20. Rg1 Nc6 21. Raf1 Nxd4 22. Bxd4 fxg4 23. Rxg4 Qc2 24. Qg2 g6 25. Rg1 Rf7 26. h4 Raf8 27. Qh2 Rg7 28. h5 Qf5 29. R1g2 Kf7 30. Nf3 Ke8 31. h6 Rgg8 32. Qg1 Bd8 33. Be3 Qd3 34. R4g3 Rf5 35. Nd4 Rh5+ 36. Rh2 Qe4+ 37. Qg2 Qxg2+ 38. Rgxg2 Rxh2+ 39. Kxh2 Kf7 40. Rb2 g5 41. Rf2 gxf4 42. Bxf4 Ke7 43. Kh3 Bc7 44. Re2 Nf8 45. Nb3 Nd7 46. Nd4 Nf8 47. Nb3 Nd7 1/2-1/2

[Event "HUN-chT2 Szechenyi 1112"]
[Site "Hungary"]
[Date "2011.09.25"]
[Round "1.1"]
[White "Sardy, Peter"]
[Black "Parkanyi, Attila"]
[Result "1-0"]
[WhiteElo "2360"]
[BlackElo "2272"]
[PlyCount "115"]
[EventDate "2011.09.25"]
[EventType "team-tourn"]
[EventRounds "11"]
[EventCountry "HUN"]
[SourceTitle "EXT 2013"]
[Source "ChessBase"]
[SourceDate "2012.11.22"]
[SourceVersion "1"]
[SourceVersionDate "2012.11.22"]
[SourceQuality "1"]
[WhiteTeam "Lovo"]
[BlackTeam "Zala Volan"]
[WhiteTeamCountry "HUN"]
[BlackTeamCountry "HUN"]

1. e4 g6 2. d4 Bg7 3. Nc3 d6 4. Be3 a6 5. f4 b5 6. Nf3 Bb7 7. Bd3 Nf6 8. e5 Nd5 9. Nxd5 Bxd5 10. a4 0-0 11. axb5 axb5 12. Rxa8 Bxa8 13. Bxb5 c5 14. 0-0 cxd4 15. Qxd4 Qc8 16. Qc4 dxe5 17. Nxe5 Qb7 18. Rf2 e6 19. Rd2 Rc8 20. Qa4 g5 21. Be8 Bxe5 22. fxe5 Rd8 23. Qg4 Rxd2 24. Qxg5+ Kf8 25. Bxd2 Kxe8 26. Qg8+ Kd7 27. Qxf7+ Kc6 28. Qxe6+ Kb5 29. Qb3+ Kc6 30. Qc4+ Kd7 31. Qg4+ Kc6 32. Qe4+ Kb5 33. Qd3+ Kc6 34. c4 Qd7 35. Qe4+ Kc7 36. Ba5+ Kc8 37. Qxa8 Qd4+ 38. Kf1 Qxc4+ 39. Kf2 Qd4+ 40. Kf3 Qd1+ 41. Kg3 Qa1 42. Qa7 Qc1 43. h4 h5 44. Qc7+ Qxc7 45. Bxc7 Kxc7 46. Kf4 Kd7 47. Kg5 Ke6 48. Kxh5 Nd7 49. g4 Nxe5 50. g5 Nd3 51. Kh6 Kf7 52. Kh7 Nf4 53. b4 Ng6 54. h5 Nf8+ 55. Kh8 Ne6 56. g6+ Kf6 57. b5 Ng7 58. b6 1-0

[Event "Budapest FS06 IM-B"]
[Site "Budapest"]
[Date "2010.06.09"]
[Round "5"]
[White "Parkanyi, Attila"]
[Black "Qu, Yanqiao"]
[Result "0-1"]
[WhiteElo "2321"]
[BlackElo "2105"]
[PlyCount "148"]
[EventDate "2010.06.05"]
[EventType "tourn"]
[EventRounds "10"]
[EventCountry "HUN"]
[EventCategory "1"]
[SourceTitle "CBM 136 Extra"]
[Source "ChessBase"]
[SourceDate "2010.07.02"]
[SourceVersion "2"]
[SourceVersionDate "2010.07.15"]
[SourceQuality "1"]

1. e4 e5 2. Nf3 Nf6 3. Nxe5 d6 4. Nf3 Nxe4 5. Nc3 Nxc3 6. dxc3 Nc6 7. Be3 Be7 8. Qd2 Be6 9. a3 Qd7 10. 0-0-0 Bf6 11. h4 h6 12. Nd4 Nxd4 13. cxd4 d5 14. f3 h5 15. Bg5 Bxg5 16. Qxg5 f6 17. Qg6+ Qf7 18. Qg3 0-0-0 19. Bd3 f5 20. Rde1 Qf6 21. Re5 Rhe8 22. Rhe1 g6 23. f4 Bf7 24. c3 c6 25. R1e2 Re6 26. Qf2 Red6 27. Qe1 R8d7 28. R2e3 Rd8 29. a4 R6d7 30. g3 Rd6 31. Qe2 R6d7 32. b4 Qd6 33. Kd1 Kc7 34. Ke1 b6 35. Kf1 Kb8 36. Kg2 Kc7 37. Bc2 Kb7 38. Bd3 Kc7 39. Ba6 Kb8 40. Kh2 Kc7 41. Qd3 Kb8 42. Re1 Rc7 43. Qe2 Rcd7 44. Kg2 Rc7 45. Kf3 Rcd7 46. Re7 Kc7 47. Rxd7+ Kxd7 48. Qd3 Kc7 49. Re5 Rd7 50. Qe2 Kb8 51. Kg2 Kc7 52. Kf2 Kd8 53. Qa2 Rc7 54. Bf1 c5 55. bxc5 bxc5 56. Qa3 Rc6 57. Bb5 cxd4 58. Qxd6+ Rxd6 59. cxd4 Rb6 60. Kg2 a6 61. Be2 Rb4 62. a5 Rxd4 63. Bxa6 Ra4 64. Re1 Rxa5 65. Be2 Ra2 66. Kf2 Kc7 67. Ke3 Kd6 68. Bd3 Ra4 69. Bc2 Rb4 70. Ra1 d4+ 71. Kd3 Bd5 72. Ra6+ Kc7 73. Kd2 Be4 74. Ba4 Bb7 0-1

[Event "Budapest FS06 IM-B"]
[Site "Budapest"]
[Date "2010.06.07"]
[Round "3"]
[White "Parkanyi, Attila"]
[Black "Tran, Tuan Minh"]
[Result "1-0"]
[WhiteElo "2321"]
[BlackElo "2211"]
[PlyCount "81"]
[EventDate "2010.06.05"]
[EventType "tourn"]
[EventRounds "10"]
[EventCountry "HUN"]
[EventCategory "1"]
[SourceTitle "CBM 136 Extra"]
[Source "ChessBase"]
[SourceDate "2010.07.02"]
[SourceVersion "2"]
[SourceVersionDate "2010.07.15"]
[SourceQuality "1"]

1. e4 e6 2. d4 d5 3. e5 c5 4. c3 Qb6 5. Nf3 Bd7 6. a4 Nc6 7. Be2 Rc8 8. 0-0 a6 9. dxc5 Qc7 10. Bf4 Bxc5 11. b4 Bb6 12. Na3 Nge7 13. b5 Nb8 14. Rc1 Bc5 15. Qb3 0-0 16. c4 axb5 17. cxb5 b6 18. Bd3 f5 19. Nc2 Ng6 20. Bg3 f4 21. Bxg6 fxg3 22. Bh5 Bxf2+ 23. Kh1 g6 24. Bg4 Rf4 25. hxg3 Bxg3 26. Bh3 Re4 27. Nfd4 Bxe5 28. Qf3 Qd6 29. Qf7+ Kh8 30. Rce1 Rxd4 31. Nxd4 Bxd4 32. Bxe6 Bxe6 33. Rxe6 Qd8 34. Re7 Qg8 35. Qf4 Bg7 36. Qe3 d4 37. Qe4 Qc4 38. Kg1 Rg8 39. Rxg7 Kxg7 40. Qe7+ Kh6 41. Rf3 1-0

[Event "Budapest FS05 IM-A"]
[Site "Budapest"]
[Date "2010.05.10"]
[Round "10"]
[White "Lengyel, Bela"]
[Black "Parkanyi, Attila"]
[Result "1/2-1/2"]
[WhiteElo "2266"]
[BlackElo "2321"]
[PlyCount "92"]
[EventDate "2010.05.01"]
[EventType "tourn"]
[EventRounds "11"]
[EventCountry "HUN"]
[EventCategory "1"]
[SourceTitle "CBM 136 Extra"]
[Source "ChessBase"]
[SourceDate "2010.07.02"]
[SourceVersion "2"]
[SourceVersionDate "2010.07.15"]
[SourceQuality "1"]

1. e4 g6 2. d4 Bg7 3. Nf3 d6 4. Nc3 a6 5. a4 b6 6. Bc4 e6 7. Bg5 Ne7 8. Qd2 h6 9. Be3 Bb7 10. h3 Nd7 11. Rd1 Nf6 12. d5 e5 13. Qe2 0-0 14. 0-0 Nh5 15. g3 Qe8 16. g4 Nf6 17. Nh4 Nd7 18. Kh2 Qd8 19. Rg1 Kh8 20. Rg3 Ng8 21. g5 hxg5 22. Bxg5 Bf6 23. Rdg1 Bxg5 24. Rxg5 Ndf6 25. Nd1 Nh7 26. Nxg6+ fxg6 27. Rxg6 Bc8 28. Qh5 Qe7 29. f4 exf4 30. Bd3 Ngf6 31. Qh4 Rf7 32. R1g5 Bd7 33. e5 dxe5 34. Rxf6 Qxf6 35. Bxh7 Rxh7 36. Rg8+ Kxg8 37. Qxf6 Rxh3+ 38. Kg1 Rf8 39. Qg5+ Kf7 40. Qxe5 Rg8+ 41. Kf1 Rh1+ 42. Kf2 Rh2+ 43. Kf3 Rh3+ 44. Kf2 Rh2+ 45. Kf3 Rh3+ 46. Kf2 Rh2+ 1/2-1/2

[Event "Budapest FS05 IM-A"]
[Site "Budapest"]
[Date "2010.05.10"]
[Round "11"]
[White "Parkanyi, Attila"]
[Black "Lyell, Mark"]
[Result "1-0"]
[WhiteElo "2321"]
[BlackElo "2132"]
[PlyCount "66"]
[EventDate "2010.05.01"]
[EventType "tourn"]
[EventRounds "11"]
[EventCountry "HUN"]
[EventCategory "1"]
[SourceTitle "CBM 136 Extra"]
[Source "ChessBase"]
[SourceDate "2010.07.02"]
[SourceVersion "2"]
[SourceVersionDate "2010.07.15"]
[SourceQuality "1"]

1. e4 e5 2. Nf3 Nc6 3. Bb5 f5 4. d3 fxe4 5. dxe4 Nf6 6. 0-0 Bc5 7. Bxc6 bxc6 8. Nxe5 0-0 9. Nc3 d6 10. Nd3 Bd4 11. Qe1 Qe8 12. Ne2 Qxe4 13. Nxd4 Qxd4 14. Be3 Qc4 15. Qd2 c5 16. b3 Qf7 17. f3 Nd5 18. Bf2 Bf5 19. Rfe1 Bxd3 20. Qxd3 Nf4 21. Qd2 Rae8 22. Rxe8 Rxe8 23. Re1 Rxe1+ 24. Bxe1 Qe6 25. Kf1 Nd5 26. Bf2 Nb4 27. c3 Nd5 28. b4 cxb4 29. cxb4 a6 30. a3 c6 31. Qd3 Qc8 32. Bg3 Qf5 33. Qe2 h6 1-0

[Event "Budapest FS05 IM-A"]
[Site "Budapest"]
[Date "2010.05.07"]
[Round "7"]
[White "Parkanyi, Attila"]
[Black "Bagi, Mate"]
[Result "1-0"]
[WhiteElo "2321"]
[BlackElo "2156"]
[PlyCount "127"]
[EventDate "2010.05.01"]
[EventType "tourn"]
[EventRounds "11"]
[EventCountry "HUN"]
[EventCategory "1"]
[SourceTitle "CBM 136 Extra"]
[Source "ChessBase"]
[SourceDate "2010.07.02"]
[SourceVersion "2"]
[SourceVersionDate "2010.07.15"]
[SourceQuality "1"]

1. e4 e5 2. Nf3 Nc6 3. Bb5 a6 4. Ba4 Nf6 5. 0-0 b5 6. Bb3 Bc5 7. c3 d6 8. d3 h6 9. h3 0-0 10. a4 Bb7 11. Be3 Bxe3 12. fxe3 d5 13. exd5 Nxd5 14. Qe2 Kh8 15. axb5 axb5 16. Rxa8 Bxa8 17. g3 Nf6 18. e4 Qe7 19. Nh4 Qc5+ 20. Kg2 Ne7 21. Nd2 Qd6 22. Kh2 c5 23. Rf2 Bb7 24. Bc2 Bc8 25. Nf1 Be6 26. Ne3 Nh7 27. g4 g6 28. Qf3 Rb8 29. Qg3 b4 30. Nf3 Nc6 31. Qh4 Kg7 32. Rg2 b3 33. Bb1 Ra8 34. Qf2 Ra1 35. Rg1 Nf8 36. Nh4 Ne7 37. Nhf5+ Bxf5 38. gxf5 g5 39. Nc4 Qc6 40. Nxe5 Qd6 41. Qg3 f6 42. Nc4 Qxg3+ 43. Kxg3 Nc6 44. Nd2 Na5 45. Kf2 Nd7 46. d4 Kf7 47. Re1 cxd4 48. cxd4 Ra4 49. Ke3 Ke7 50. Rc1 Kd6 51. Rc3 Rb4 52. Bd3 Nb6 53. Rc5 Nc6 54. Nc4+ Kd7 55. Nxb6+ Rxb6 56. Bb5 Kd6 57. Bxc6 Rxc6 58. e5+ fxe5 59. Rxc6+ Kxc6 60. dxe5 Kd5 61. f6 Ke6 62. h4 g4 63. h5 g3 64. Kf3 1-0

[Event "Budapest FS05 IM-A"]
[Site "Budapest"]
[Date "2010.05.06"]
[Round "6"]
[White "Brustkern, Juergen"]
[Black "Parkanyi, Attila"]
[Result "1/2-1/2"]
[WhiteElo "2256"]
[BlackElo "2321"]
[PlyCount "57"]
[EventDate "2010.05.01"]
[EventType "tourn"]
[EventRounds "11"]
[EventCountry "HUN"]
[EventCategory "1"]
[SourceTitle "CBM 136 Extra"]
[Source "ChessBase"]
[SourceDate "2010.07.02"]
[SourceVersion "2"]
[SourceVersionDate "2010.07.15"]
[SourceQuality "1"]

1. d4 Nf6 2. c4 c5 3. d5 e6 4. Nc3 exd5 5. cxd5 d6 6. e4 g6 7. Nge2 Bg7 8. Ng3 0-0 9. Be2 a6 10. a4 Re8 11. 0-0 h5 12. Bg5 Nbd7 13. Qd2 Rb8 14. f4 Qc7 15. e5 dxe5 16. f5 c4 17. Kh1 b5 18. axb5 axb5 19. fxg6 fxg6 20. Nce4 Nxe4 21. Nxe4 Bb7 22. Bh6 Qd8 23. Nd6 Rf8 24. Nxb5 Nb6 25. Nc3 Ra8 26. Bxg7 Kxg7 27. Rxa8 Rxf1+ 28. Bxf1 Bxa8 29. h3 1/2-1/2

[Event "Budapest FS05 IM-A"]
[Site "Budapest"]
[Date "2010.05.04"]
[Round "4"]
[White "Nguyen Thi Mai, Hung"]
[Black "Parkanyi, Attila"]
[Result "1/2-1/2"]
[WhiteElo "2286"]
[BlackElo "2321"]
[PlyCount "98"]
[EventDate "2010.05.01"]
[EventType "tourn"]
[EventRounds "11"]
[EventCountry "HUN"]
[EventCategory "1"]
[SourceTitle "CBM 136 Extra"]
[Source "ChessBase"]
[SourceDate "2010.07.02"]
[SourceVersion "2"]
[SourceVersionDate "2010.07.15"]
[SourceQuality "1"]

1. d4 Nf6 2. Bf4 g6 3. e3 Bg7 4. Nf3 0-0 5. Be2 c5 6. c3 b6 7. 0-0 Bb7 8. h3 d6 9. a4 a6 10. Nbd2 Nbd7 11. Bh2 Ne4 12. Nxe4 Bxe4 13. Qb3 h6 14. Nd2 Bc6 15. Bd3 Kh8 16. Bc4 b5 17. axb5 axb5 18. Rxa8 Qxa8 19. Bxb5 Bxg2 20. Bxd7 Bxf1 21. Nxf1 cxd4 22. cxd4 e5 23. dxe5 dxe5 24. Qa4 Qd8 25. b3 f5 26. Bc6 Qg5+ 27. Kh1 f4 28. exf4 exf4 29. Bg1 Qh4 30. Bd7 h5 31. Nh2 Rd8 32. Nf3 Qe7 33. Bc6 g5 34. Qb5 Rd6 35. Nxg5 Rxc6 36. Qxc6 Qxg5 37. b4 Qf5 38. Kg2 Qg5+ 39. Kh1 Qf5 40. Kg2 Qg5+ 41. Kf1 Qf5 42. Ke2 Qxh3 43. Qe8+ Kh7 44. Qe4+ Kh8 45. Qxf4 Qe6+ 46. Kf1 Qh3+ 47. Ke2 Qe6+ 48. Kf1 Qh3+ 49. Ke2 Qe6+ 1/2-1/2

[Event "Budapest FS05 IM-A"]
[Site "Budapest"]
[Date "2010.05.01"]
[Round "1"]
[White "Turzo, Attila"]
[Black "Parkanyi, Attila"]
[Result "1/2-1/2"]
[WhiteElo "2296"]
[BlackElo "2321"]
[PlyCount "45"]
[EventDate "2010.05.01"]
[EventType "tourn"]
[EventRounds "11"]
[EventCountry "HUN"]
[EventCategory "1"]
[SourceTitle "CBM 136 Extra"]
[Source "ChessBase"]
[SourceDate "2010.07.02"]
[SourceVersion "2"]
[SourceVersionDate "2010.07.15"]
[SourceQuality "1"]

1. c4 c5 2. Nf3 Nf6 3. Nc3 g6 4. g3 Bg7 5. Bg2 0-0 6. 0-0 Nc6 7. d3 d6 8. a3 a5 9. Rb1 e5 10. Ne1 Be6 11. Nc2 Qd7 12. Ne3 Bh3 13. Ned5 Nxd5 14. Nxd5 Bxg2 15. Kxg2 Ne7 16. Nxe7+ Qxe7 17. b4 axb4 18. axb4 b6 19. bxc5 bxc5 20. Bd2 Qc7 21. Qc2 Rfb8 22. Rxb8+ Rxb8 23. Rb1 1/2-1/2